Xue hui xuan ze, dang de fong qi = Wise choice and timely abandonment
| Main Author: | |
|---|---|
| Format: | Book |
| Published: |
Xindian :
De wei guo ji wen hua shi ye ,
2008
|
| Series: | Xin ling kang gian xilie
|
| Subjects: |
MARC
| LEADER | 00000cam a2200000 7i4500 | ||
|---|---|---|---|
| 001 | 0000022757 | ||
| 005 | 20080806.0 | ||
| 008 | 080806 | ||
| 020 | |a 9866845390 | ||
| 090 | 0 | 0 | |a 158.1 |b TAN |
| 100 | 1 | |a Tang, Wen | |
| 245 | 1 | 0 | |a Xue hui xuan ze, dang de fong qi = Wise choice and timely abandonment |c [bian zhu, Tang Wen] |
| 260 | |a Xindian : |b De wei guo ji wen hua shi ye , |c 2008 | ||
| 440 | |a Xin ling kang gian xilie | ||
| 650 | 0 | |a Conduct of life | |
| 999 | |a 0001036624 |b Book |c Chinese Collection |e Perbadanan Perpustakaan Awam Johor | ||